LEADER 00974nam a2200217 u 4500 001 000000110926 003 CaOOAMICUS 005 20080402121040.0 008 080402s1935 xxk u000 u eng u 040 $aPUL$bita$dBc 100 1 $aHughes, Henry Brackenbury Louis.$0(OLS)http://pul/name/68052 245 14$aThe catholic revival in Italy, 1815-1915 /$cby H.L. Hughes. 260 $aLondon :$bBurns Oates & Washbourne,$c1935. 300 $axii, 177 p. ;$c19 cm. 610 24$aChiesa cattolica$zItalia$ySec. XIX-XX.$0(OLS)http://pul/subject/5180 650 4$aCattolicesimo e politica$zItalia$ySec. XIX-XX.$0(OLS)http://pul/subject/3394 850 $aPUL 852 $aPUL$W1$xDP1 Filosofia 1$y19$m612 A 26$j127130$qStampati$B125835$CPULBib$Z2$F125835 $H21949 $82 941 1 $a8 996 $6245$aThe catholic revival in Italy, 1815-1915$9(OLS)http://pul/title/139481 996 $6260$aLondon :$bBurns Oates & Washbourne$9(OLS)http://pul/publisher/68695 LEADER 01663cam a2200361 a 4500 001 000000138595 003 CaOOAMICUS 005 20140529121851.0 008 140529s2014 it 0000u ita r 020 $a978-88-598-1129-9 040 $aPUL$bita 082 04$a346.4507 245 03$aLe azioni revocatorie :$bla disciplina, il processo /$ca cura di Vincenzo Vitalone, Ugo Patroni Griffi, Riccardo Rieti ; contributi di Rosa Calderazzi ... [et al.]. 260 $aTorino :$bUTET Giuridica,$cİ2014. 300 $aXI, 418 p. ;$c25 cm 490 1 $aModelli e tecniche dei processi civili 500 $aInclude indice. 504 $aBibliografia in nota. 650 4$aDiritto commerciale$zItalia.$0(OLS)http://pul/subject/1274 650 4$aFallimento (diritto).$0(OLS)http://pul/subject/17091 700 1 $aPatroni Griffi, Ugo,$d1966-$0(OLS)http://pul/name/89351 700 1 $aCalderazzi, Rosa.$0(OLS)http://pul/name/89352 700 1 $aVitalone, Vincenzo.$0(OLS)http://pul/name/89353 700 1 $aRiedi, Riccardo.$0(OLS)http://pul/name/89354 830 0$aModelli e tecniche dei processi civili.$0(OLS)http://pul/title/154812 850 $aPUL 852 $aPUL$W1$xSL Diritto e Scienze Sociali 3$y79$m346. 4507 VITVI 1$j159919$qDDC 21$B159416$CPULBib$Z2$F159416 $H124139 $82 941 1 $a9 996 $6020$a978-88-598-1129-9$9(OLS)http://pul/number/155392 996 $6082$a346.4507$9(OLS)http://pul/classification/1803 996 $6245$aLe azioni revocatorie :$bla disciplina, il processo$9(OLS)http://pul/title/175458 996 $6260$aTorino :$bUTET Giuridica$9(OLS)http://pul/publisher/79191